000 00785nam a2200265Ia 4500
003 OSt
005 20220928104902.0
006 a|||||r|||| 00| 0
007 ta
008 220927b |||||||| |||| 00| 0 eng d
020 _c425
024 _a106189
037 _b1116, 18/02/2010, Kiran Book Service
_cTextual
040 _aSDCL
_cSDCL
_beng
041 _2eng
_aeng
082 _aO142,3N01,1, 152 Q0
100 _aFadeyev Aleksander
_9412672
245 0 _aParajay.
260 _aNew Delhi
_bVani Prakashan
_c2010
300 _a314p
_ccm.
650 _aHindi
_9391598
700 _a Verma Nirmal Tr.
942 _hO142,3N01,1, 152 Q0
_cTEXL
_2CC
999 _c728415
_d728415